000 00440cam a2200181ua 4500
001 1612
008 110713n ii |||gr||||Z||||||eng
040 _cMAIN
082 _a336
100 _aBargohain, Jatindra Kr.,
245 1 _aRasaha bigyann
_cby Jatindra Kr. Bargohain
250 _a1st.
260 _aGuahati:
_bJyoti Prakashan,987.
300 _aviii; 440p:
_c23cm.
653 _aEconomics
653 _aPublic finance
942 _cBK
999 _c1499
_d1499